01204 2200493 4500001002100000005001500021035002000036007000300056008004100059020002200100082000800122084001900130100002200149245006700171260002400238990001600262990001600278990001600294990001600310990001600326990001600342990001600358990001600374990001600390990001600406990001600422990001600438990001600454990001600470990001600486990001600502990001600518990001600534990001600550990001600566990001600582990001600598990001600614990001600630990001600646990001600662990001600678990001600694INLIS00000000000011320210412120826 a0010-0421000113ta210412 g 0 ind  a978-602-298-137-4 a330 a330 RUD e.c 140 aAlam dan Rudianto1 aEKONOMI untuk SMA/MA Kelas X kurikulum 2013 kelompok Peminatan aJakarta :bErlangga a00000002335 a00000002336 a00000002337 a00000002338 a00000002339 a00000002340 a00000002341 a00000002342 a00000002343 a00000002344 a00000002345 a00000002346 a00000002347 a00000002348 a2017/p/0319 a2017/p/0320 a2017/p/0321 a2017/p/0322 a2017/p/0323 a2017/p/0324 a2017/p/0325 a2017/p/0326 a2017/p/0327 a2017/p/0328 a2017/p/0329 a2017/p/0330 a2017/p/0331 a2017/p/0332